Reliquias de trapo : relatos /
Guardado en:
| Autor principal: | |
|---|---|
| Formato: | Desconocido |
| Lenguaje: | Spanish |
| Publicado: |
Caracas, Venezuela:
Monte Avila,
c1972
|
| Materias: | |
| Etiquetas: |
Agregar Etiqueta
Sin Etiquetas, Sea el primero en etiquetar este registro!
|
MARC
| LEADER | 000000000a22000000004500 | ||
|---|---|---|---|
| 001 | 001347 | ||
| 008 | 170629s1972 ve a|||| |||| 00| 1 spa d | ||
| 041 | 0 | |a español | |
| 082 | |a V863.4 |b M183r | ||
| 100 | 1 | |a Madrid, Antonieta | |
| 245 | 1 | 0 | |a Reliquias de trapo : |b relatos / |c Antonieta Madrid |
| 260 | |a Caracas, Venezuela: |b Monte Avila, |c c1972 | ||
| 300 | |a 192 páginas : |b ilustraciones | ||
| 500 | |a Número de inscripción 8309 (Colección George Yúdice) | ||
| 650 | 4 | |a LITERATURA VENEZOLANA |v RELATOS | |
| 942 | |2 ddc |c BK | ||
| 999 | |c 2360 |d 2360 | ||
